All Paris Paloma songs - Statistics

General Stats
  • This quiz has been taken 14 times
  • The average score is 20 of 32
Answer Stats
Hint Answer % Correct
31 Hunter
100%
16 Labour
100%
22 Boys bugs and men
92%
19 As good a reason
85%
15 Notre dame
85%
17 Yeti
85%
25 His land
77%
26 Knitting song
77%
29 Last woman on earth
77%
21 My mind (now)
77%
12 The fruits
77%
23 The warmth
77%
27 Triassic love song
77%
20 Drywall
69%
1 Narcissus
69%
24 Pleaser
69%
7 The last beautiful thing I saw
69%
30 Bones on the beach
62%
28 Escape pod
54%
32 The rider
46%
3 Underneath
46%
11 What have I done
46%
4 Cradle
38%
6 Echo
38%
14 Forsaken
38%
13 It's called: freefall
38%
9 Lily rice
38%
5 Mulled wine
38%
2 Ocean baby
38%
10 Tell it to my heart
38%
8 Village song
38%
18 He thinks he'll keep her
23%
No matching quizzes found
Score Distribution
Percent of People with Each Score
Percentile by Number Answered
Your Score History
You have not taken this quiz